| 000 | 01245nam a2200301 i 4500 | ||
|---|---|---|---|
| 003 | EG-GICUC | ||
| 005 | 20260121101443.0 | ||
| 008 | 251209s1986 ua ||||fr|||| 000 0 ara d | ||
| 040 |
_a EG-GICUC _bara _c EG-GICUC _d EG-GICUC _erda |
||
| 041 | _aara | ||
| 082 | 0 | 4 |
_221 _a343.11221 _bح س . ح |
| 092 | 0 | 4 | _221 |
| 099 | _aLaw1 10 343.11221 ح س . ح 1986 | ||
| 100 | 0 |
_aحسني احمد الجندي _eمؤلف. |
|
| 245 | 1 | 2 |
_aالحماية الجنائية للمستهلك. _nالجزء الاول, _pقانون قمع التدليس والغش معلقا عليه بأقوال الفقه وأحكام القضاء / _cحسني احمد الجندي. |
| 264 | 1 |
_aالقاهرة : _bدار النهضة العربية, _c1986. |
|
| 300 |
_a504 صفحة ؛ _c24 سم _bإيضاحيات، صور، مثيليات ؛ |
||
| 336 |
_2rda content _atext |
||
| 337 |
_2rda media _aComputer |
||
| 338 |
_2rda carrier _aOnline Resource |
||
| 546 | _aالنص باللغة العربية | ||
| 650 | 1 | 4 |
_aالحماية الجنائية للمستهلك _2qrmak |
| 650 | 1 | 4 | _aاركان الجريمة |
| 651 | 1 | _2qrmak | |
| 856 | 4 | 0 | _uhttps://fll.law.cu.edu.eg/fulltext/bks/B10-05382.pdf |
| 905 |
_a79 _eHassnaa |
||
| 942 |
_2ddc _cBK _e21 _n0 |
||
| 999 |
_c49245 _d49245 |
||